| 000 | 01124nam0a2200325 4500 | ||
|---|---|---|---|
| 001 | RU\NLR\BIBL_A\012679682 | ||
| 005 | 20250128194045.0 | ||
| 010 |
_a978-5-295-07585-8 _9500 |
||
| 021 |
_aRU _bКН-П-21-051483 _9КН-П-21-4047 |
||
| 035 | _a(NLR Aleph) 012679682 | ||
| 090 |
_a13306610 _c13306610 |
||
| 100 | _a20220110d2021 m y0rusy50 ca | ||
| 101 | 0 | _atat | |
| 102 | _aRU | ||
| 105 | _ay z 000 y | ||
| 181 | 0 |
_ai _baxxe |
|
| 182 | 0 | _an | |
| 200 | 1 |
_aЯзмышымның язгы бөресе _e[шигырьләр] _fАйрат Галиев |
|
| 203 |
_aТекст _bвизуальный _cнепосредственный |
||
| 210 |
_aУфа _cКитап _d2021 |
||
| 215 |
_a53,[1] б. _d14 |
||
| 225 | 1 | _aЯшьләр тавышы | |
| 541 | 1 |
_6z01790 _aСудьбы весенняя пора _eстихи. _zrus |
|
| 686 | 1 | _aШ6(2=Тат)7-5 | |
| 700 | 1 |
_aГалиев _bА. Ә. улы _f1990- _gАйрат Әлфир улы _4070 |
|
| 790 | 1 |
_6z01541 _aГалиев _bА. А. _gАйрат Альфирович _4070 |
|
| 852 |
_aNLR _bОНЛ _jТатар./1-1766 |
||
| 942 | _cBOOK | ||
| 980 | _aNB | ||